000 01024nac a22002777a 4500
001 BR8200200
003 BR-BrBNA
005 20240105115213.0
008 230509b bl.|||m| |||| 00| 0 por d
040 _aBR-BrBNA
_bpor
_cBiblioteca Nacional de Agricultura
072 _aF30
090 _a0910 BR8200200
100 1 _aBassols, M. do C.
100 1 _aMoore, J.N.
110 1 _aUnidade de Execucao de Pesquisa de Ambito Estadual de Cascata, RS (Brasil)
_910359
245 1 _aEbano; primeira cultivar de amora-preta, sem espinhos, lancada no Brasil [Rubus spp.]
246 1 _a[Ebano; the first blackberry cultivar, without thorns, introduced in Brazil [Rubus spp.]]
260 3 _aCascata, RS (Brasil):
_c1981.
300 _a16 p.
490 _aDocumentos - Unidade de Execucao de Pesquisa de Ambito Estadual de Cascata (Brazil)
_vno. 2
_x
650 _aMelhoramento genetico vegetal
650 _aAmora preta
650 _aVariedade
909 _a202312
_bLúcia Elande
_c55
_dLúcia Elande
942 _2AGRIS
_n0
_cMS
999 _c273642
_d273642